Costumbrismo y folletín (Record no. 133225)

MARC details
000 -LEADER
campo de control de longitud fija 00894nam a2200229 i 4500
001 - NÚMERO DE CONTROL
campo de control 133225
003 - IDENTIFICADOR DE NÚMERO DE CONTROL
campo de control ES-MaACL
005 - FECHA Y HORA DE LA ÚLTIMA TRANSACCIÓN
campo de control 20250911214447.0
007 - CAMPO FIJO DE DESCRIPCIÓN FÍSICA--INFORMACIÓN GENERAL
campo de control de longitud fija t|
008 - DATOS DE LONGITUD FIJA--INFORMACIÓN GENERAL
campo de control de longitud fija 070214s1977 sp r ||||1| spa d
100 1# - ENTRADA PRINCIPAL--NOMBRE DE PERSONA
Nombre de persona Rubio Cremades, Enrique.
9 (RLIN) 100398
245 10 - MENCIÓN DEL TÍTULO
Título Costumbrismo y folletín
Resto del título : vida y obra de Antonio Flores /
Mención de responsabilidad, etc. Enrique Rubio Cremades.
260 ## - PUBLICACIÓN, DISTRIBUCIÓN, ETC.
Lugar de publicación, distribución, etc. Alicante :
Nombre del editor, distribuidor, etc. Instituto de Estudios Alicantinos,
Fecha de publicación, distribución, etc. 1977.
300 ## - DESCRIPCIÓN FÍSICA
Extensión 3 v. ;
Dimensiones 21 cm.
490 1# - MENCIÓN DE SERIE
Mención de serie Publicaciones del Instituto de Estudios Alicantinos. Serie I ;
Designación de volumen o secuencia 32, 37, 53
500 ## - NOTA GENERAL
Nota general Indice de la revista literaria El "Laberinto" : p. 109-128.
600 04 - PUNTO DE ACCESO ADICIONAL DE MATERIA--NOMBRE DE PERSONA
Nombre de persona Flores, Antonio,
Fechas asociadas al nombre 1818-1865
9 (RLIN) 51252
710 2# - ENTRADA AGREGADA--NOMBRE DE ENTIDAD CORPORATIVA
Nombre de entidad corporativa o nombre de jurisdicción como elemento de entrada Instituto de Estudios Alicantinos.
9 (RLIN) 4886
830 0# - PUNTO DE ACCESO ADICIONAL DE SERIE-TÍTULO UNIFORME
Título uniforme Publicaciones del Instituto de Estudios Alicantinos. Serie I ;
Designación de volumen o secuencia 32, 37, 53
9 (RLIN) 183372
852 ## - LOCALIZACIÓN
Ubicación ES-MaACL
Número de control de estantería L-1311-13
Holdings
Estatus retirado Estado de pérdida Estado de daño No para préstamo Biblioteca de origen Biblioteca actual Ubicación en estantería Fecha de adquisición Fuente de adquisición Total de préstamos Signatura topográfica completa Código de barras Visto por última vez Precio de reemplazo Tipo de ítem Koha
        Biblioteca del Ateneo de Madrid Biblioteca del Ateneo de Madrid Depósito 2 17/01/2008     L-1311-13 1138691 23/02/2023 23/02/2023 Libro impreso